| 000 | 00324nam a2200109 4500 | ||
|---|---|---|---|
| 999 |
_c10030 _d10030 |
||
| 008 | 180726b ||||| |||| 00| 0 eng d | ||
| 245 | _aExperimental vaccine may provide rapid response to diseases. | ||
| 260 |
_aPhilippines _bThe Philippine Star _cc2016 |
||
| 300 | _apage 21. | ||
| 650 | 0 |
_929633 _aVaccines. |
|
| 942 |
_2ddc _cPER |
||